• 首页
  • 本馆介绍
  • 公告通知
  • 最新文献
  • 馆藏检索
  • 电子资源
  • 读者导购
  • 参考咨询
  • 我的图书馆
  • 登录
  • 详细信息显示
  • 放入我的书架
  • 预约/预借图书
  • 作者相关作品
  • 分类相关作品
  • 丛书相关作品
  • 出版社相关作品

书目信息

  • 表格格式
  • 工作单格式
  • 卡片格式
题名:
说姓道名
    
 
作者: 郭得山 编著
分册:  
出版信息: 杭州   杭州出版社  2001
页数: 232页
开本: 20cm
丛书名:
单 册:
中图分类: K810.2
科图分类:
主题词: 姓氏--中国--普及读物 , 传记--写作
电子资源:
ISBN: 7-80633-278-2
000 00569nam0 2200205 45
001 0305151068
005 20031219104110.1
010    @a7-80633-278-2@dCNY12.00
100    @a20030515d2001 km y0chiy0120 ea
101 0  @achi
105    @aa z 000yy
200 1  @a说姓道名@AShuo Xing Dao Ming@f郭得山编著@FGuo De Shan Bian Zhu
210    @a杭州@c杭州出版社@d2001
215    @a232页@c插图@d20cm
606 0  @a姓氏@y中国@x普及读物
606 0  @a传记@x写作
690    @aK810.2@v4
701  0 @a郭得山@4编著
801    @aCN@bTSTC@c20030515
905    @b323382-383@dK810.2@e14@f2
    
    说姓道名/郭得山编著.-杭州:杭州出版社,2001
    232页:插图;20cm
    
    
    ISBN 7-80633-278-2:CNY12.00
    
●
相关链接 在E读中查询图书 在五车中查询图书 在当当中查询图书 在豆瓣中查询图书


正题名:说姓道名     索取号:K810.2/14         预约/预借

序号 登录号 条形码 馆藏地/架位号 状态 备注
1 0323382   203233820   第二借阅区/ [索取号:K810.2/14] 在馆    
2 0323383   203233839   第二样本阅览室/ [索取号:K810.2/14] 在馆    
唐山师范学院图书馆 欢迎您!
大连网信软件有限公司© 版权所有